[Event "Ä15Ï"]
[Site "Loo"]
[Date "2017.04.26"]
[Round "7.22"]
[White "Àáðàìîâà, Ìàðèÿ."]
[Black "Èâàíîâà, Ìàðèÿ."]
[Result "0-1"]
[WhiteElo "1479"]
[BlackElo "1328"]
[PlyCount "154"]
[EventDate "2017.04.20"]

1. d4 Nf6 2. c4 c5 3. Nf3 cxd4 4. Nxd4 e5 5. Nf3 Nc6 6. g3 Bc5 7. Bg2 d6 8. O-O
Be6 9. Qa4 O-O 10. Nc3 h6 11. a3 Qd7 12. b4 Bb6 13. Qb3 Bh3 14. Rd1 Bxg2 15.
Kxg2 Qe6 16. Nd5 Nd4 17. Nxd4 Bxd4 18. Nc7 Qd7 19. Rxd4 Qxc7 20. Rd1 Rac8 21.
Bb2 Qc6+ 22. Kg1 Rfd8 23. Rac1 b6 24. a4 Qe4 25. Rd2 Rc7 26. Ba3 Rdc8 27. Rdc2
Ng4 28. h3 Nf6 29. f3 Qf5 30. Kh2 Nh5 31. Rd1 Qg5 32. Rg1 Qf6 33. Bb2 Qe6 34.
Rgc1 a6 35. Qd3 Nf6 36. c5 bxc5 37. Qxa6 Qd5 38. Qd3 Qxd3 39. exd3 Nd5 40. bxc5
Nb4 41. Rc3 Na2 42. cxd6 Rxc3 43. Rxc3 Nxc3 44. d7 Rd8 45. Bxc3 Rxd7 46. Kg2 f6
47. a5 Rxd3 48. Be1 Ra3 49. Kf2 Kf7 50. Ke2 Ke6 51. Bb4 Ra4 52. Bd2 h5 53. Bc3
g5 54. Kd2 Kd5 55. Ke3 Ra3 56. Kd3 f5 57. Kc2 Kc4 58. Bxe5 Rxa5 59. Bf6 g4 60.
hxg4 hxg4 61. fxg4 fxg4 62. Be7 Rd5 63. Bf6 Rd3 64. Be5 Rd5 65. Bf4 Rd4 66. Be5
Rd5 67. Bf4 Kd4 68. Kd2 Ke4+ 69. Ke2 Ra5 70. Kd2 Ra2+ 71. Kd1 Kf3 72. Ke1 Ra1+
73. Kd2 Rg1 74. Kd3 Rxg3 75. Bxg3 Kxg3 76. Ke3 Kh2 77. Kf2 g3+ 0-1

[Event "Ä15Ï"]
[Site "Loo"]
[Date "2017.04.26"]
[Round "7.23"]
[White "Òåðåùåíêî, Äàðüÿ."]
[Black "Òèíèíà, Êðèñòèíà."]
[Result "0-1"]
[WhiteElo "1437"]
[BlackElo "1611"]
[PlyCount "118"]
[EventDate "2017.04.20"]

1. d4 Nf6 2. c4 g6 3. Nf3 Bg7 4. Nc3 d5 5. Bf4 O-O 6. e3 c5 7. Qb3 dxc4 8. Bxc4
Nc6 9. dxc5 Nd7 10. Ng5 Nce5 11. Bxe5 Nxe5 12. O-O Qc7 13. Nge4 Nxc4 14. Qxc4
Be6 15. Qb4 Rac8 16. Rfc1 Bf5 17. f4 Qc6 18. Kf2 a5 19. Qc4 b5 20. Qd5 Bxe4 21.
Qxe4 Qxe4 22. Nxe4 Bxb2 23. Ke2 f5 24. Ng5 h6 25. Ne6 Rf6 26. Nd4 Bxa1 27. Rxa1
Rxc5 28. Rb1 b4 29. Kd2 g5 30. fxg5 hxg5 31. a3 bxa3 32. Ra1 Rd6 33. Ke2 f4 34.
Rxa3 fxe3 35. Nf3 Re6 36. Ne1 Rf5 37. Nd3 Kf7 38. g4 Rd5 39. h3 Kf6 40. Rc3
Red6 41. Kxe3 Rxd3+ 42. Rxd3 Rxd3+ 43. Kxd3 Ke5 44. Kc4 Kf4 45. Kb5 Kg3 46.
Kxa5 Kxh3 47. Kb4 Kxg4 48. Kc3 Kf3 49. Kd2 Kf2 50. Kd3 g4 51. Ke4 g3 52. Kf5 g2
53. Kf4 g1=Q 54. Ke5 Qg5+ 55. Ke6 Ke3 56. Kd7 Kd4 57. Ke6 Qf6+ 58. Kd7 e5 59.
Ke8 Qg7 0-1

[Event "Ä15Ï"]
[Site "Loo"]
[Date "2017.04.26"]
[Round "7.24"]
[White "Èâàíàåâà, Àëèíà."]
[Black "Õîìÿê, Àëåêñàíäðà."]
[Result "1/2-1/2"]
[WhiteElo "1379"]
[BlackElo "1599"]
[PlyCount "157"]
[EventDate "2017.04.20"]

1. e4 c5 2. Nf3 d6 3. d4 cxd4 4. Nxd4 Nf6 5. Nc3 Nc6 6. Be2 e5 7. Nf3 h6 8. O-O
Be7 9. Re1 O-O 10. h3 Be6 11. Bf1 Qb8 12. Nd5 Bxd5 13. exd5 Nb4 14. c4 Na6 15.
Be3 Nc7 16. Nd2 b5 17. b3 bxc4 18. bxc4 Na6 19. Rb1 Qc7 20. Nb3 Nd7 21. f4 Bh4
22. Re2 Bg3 23. fxe5 Nxe5 24. Rc2 Nb4 25. Rcc1 Nxa2 26. Rc2 Nb4 27. Rcc1 Na6
28. c5 Nxc5 29. Nxc5 dxc5 30. Bxc5 Rfc8 31. Bd4 Qe7 32. Rxc8+ Rxc8 33. Qb3 Bf4
34. Qb7 Rc7 35. Qa6 Ng6 36. Ra1 Be3+ 37. Bxe3 Qxe3+ 38. Kh1 Qd4 39. Qa5 Rd7 40.
g3 Qxd5+ 41. Qxd5 Rxd5 42. Rxa7 Ne5 43. Bg2 Rd1+ 44. Kh2 Rd2 45. Ra3 g5 46. Re3
Nc4 47. Rc3 Nd6 48. Kg1 Kg7 49. Rf3 Ne4 50. g4 Rd1+ 51. Rf1 Rxf1+ 52. Kxf1 Nd6
53. Ke2 Kf6 54. Kd3 Ke5 55. Ke3 Nc4+ 56. Kd3 Nd6 57. Ke3 Ne8 58. Bf1 Ng7 59.
Bd3 f6 60. Be4 Ne6 61. Bg2 Nf4 62. Bf1 Nd5+ 63. Kf3 Kd4 64. Kg3 Ke3 65. Ba6 Nf4
66. Bb7 Ne2+ 67. Kg2 Kf4 68. Kf2 Ng3 69. Bc6 Ne4+ 70. Kg2 Ke3 71. Bb7 Nc5 72.
Bc6 Ne6 73. Kg3 Nf4 74. Bb7 Ng6 75. Bc6 Nh4 76. Bd7 Ng6 77. Bc6 Nf4 78. Bb7 Ke2
79. Ba6+ 1/2-1/2

[Event "Ä15Ï"]
[Site "Loo"]
[Date "2017.04.26"]
[Round "7.25"]
[White "Êðûëîâà, Ìàðèÿ."]
[Black "Ìîñêàëåâà, Àðèíà."]
[Result "1-0"]
[WhiteElo "1308"]
[BlackElo "1504"]
[PlyCount "107"]
[EventDate "2017.04.20"]

1. e4 c5 2. Nf3 a6 3. d4 cxd4 4. Nxd4 Nf6 5. Nc3 e5 6. Nf3 Bb4 7. Qd3 Nc6 8.
Bg5 Bxc3+ 9. Qxc3 Nxe4 10. Qxe5+ Nxe5 11. Bxd8 Nxf3+ 12. gxf3 Nc5 13. Ba5 O-O
14. O-O-O Na4 15. Bc7 Re8 16. Bh3 d5 17. Bxc8 Raxc8 18. Bf4 Rc4 19. Be3 Rb4 20.
Rd4 Rxd4 21. Bxd4 b6 22. Kd2 Nc5 23. Rb1 Ne6 24. Be5 Kh8 25. Re1 Kg8 26. Re3 b5
27. h4 Rd8 28. Rc3 f6 29. Rc6 Kf7 30. Bc3 Ra8 31. Rd6 a5 32. Rxd5 b4 33. Bd4
Nf4 34. Rd7+ Kg6 35. Be3 Ng2 36. Rd4 Kh5 37. Rg4 Nxh4 38. Rxg7 Nxf3+ 39. Kc1 h6
40. Rd7 Ng5 41. Rd6 Ne4 42. Re6 Ng5 43. Rxf6 Re8 44. Ra6 Re5 45. Kd2 Ne4+ 46.
Ke2 Rf5 47. Rxh6+ Kg4 48. Re6 Ng5 49. Rg6 Kh5 50. Rxg5+ Rxg5 51. Bxg5 Kxg5 52.
Kd3 Kf4 53. Kc4 Kf3 54. Kb5 1-0

[Event "Ä15Ï"]
[Site "Loo"]
[Date "2017.04.26"]
[Round "7.26"]
[White "Êàñàòêèíà, Ìàðèÿ."]
[Black "Áû÷åíêîâà, Àíãåëèíà."]
[Result "1/2-1/2"]
[WhiteElo "1258"]
[BlackElo "1500"]
[PlyCount "126"]
[EventDate "2017.04.20"]

1. e4 e6 2. d4 d5 3. Nc3 Nf6 4. Bg5 Be7 5. e5 Nfd7 6. h4 c5 7. Bxe7 Qxe7 8. Nb5
Nb6 9. Nd6+ Kf8 10. dxc5 N6d7 11. Nxc8 Qxc5 12. Nd6 Nxe5 13. Nb5 Nbc6 14. Nh3
Qb4+ 15. c3 Qxh4 16. Be2 g5 17. Nd4 g4 18. Nxc6 Nxc6 19. Bxg4 Rg8 20. Bf3 Ne5
21. Qe2 Nc4 22. O-O-O Rc8 23. g3 Qd8 24. Nf4 Qa5 25. Kb1 Rc6 26. Nxd5 exd5 27.
Bxd5 Qb5 28. Bxc4 Rxc4 29. Rxh7 Qf5+ 30. Qd3 Qxd3+ 31. Rxd3 Re4 32. Rd7 Re1+
33. Kc2 Re2+ 34. Kb3 Re7 35. Rd8+ Re8 36. Rxe8+ Kxe8 37. Rh4 Rg6 38. Rb4 b6 39.
Rc4 Kd7 40. Rd4+ Ke7 41. Kc4 Rf6 42. Re4+ Kd7 43. f4 Rc6+ 44. Kb4 Rh6 45. Kb5
Rh2 46. Rb4 a5 47. Rb3 Kc7 48. Ka6 Rh6 49. Rb5 Rd6 50. b4 a4 51. Rf5 Rd7 52.
Rf6 Rd2 53. Rxf7+ Kd8 54. Kxb6 Rxa2 55. Ra7 Ra3 56. c4 Rxg3 57. c5 Rg4 58. c6
Rxf4 59. c7+ Kd7 60. Rxa4 Rc4 61. Ra7 Rxb4+ 62. Kc5 Rb1 63. c8=Q+ Kxc8 1/2-1/2

[Event "Ä15Ï"]
[Site "Loo"]
[Date "2017.04.26"]
[Round "7.27"]
[White "Ñàìîøêèíà, Âèêòîðèÿ."]
[Black "Ìàòþíèíà, Ñîôüÿ."]
[Result "1-0"]
[WhiteElo "1482"]
[BlackElo "1348"]
[PlyCount "49"]
[EventDate "2017.04.20"]

1. e4 e5 2. Nf3 Nc6 3. Nc3 Nf6 4. d4 exd4 5. Nxd4 Bb4 6. Nxc6 bxc6 7. Bd3 d5 8.
exd5 cxd5 9. O-O O-O 10. h3 Bb7 11. Bg5 h6 12. Bh4 g5 13. Bg3 d4 14. Ne2 Qd5
15. f3 c5 16. b3 Kh8 17. Bc4 Qf5 18. Bd6 Rfd8 19. Ng3 Qd7 20. Be5 Qe7 21. f4
Kg8 22. Nf5 Qd7 23. Nxh6+ Kh7 24. Bxf6 Qc6 25. Bd3+ 1-0

[Event "Ä15Ï"]
[Site "Loo"]
[Date "2017.04.26"]
[Round "7.28"]
[White "Åìåëüÿíåíêî, Ìàðèíà."]
[Black "Ãàëèìîâà, Çàðèÿ."]
[Result "1-0"]
[WhiteElo "1480"]
[BlackElo "1305"]
[PlyCount "115"]
[EventDate "2017.04.20"]

1. d4 d5 2. Nf3 e6 3. e3 f5 4. Ne5 Nf6 5. Nd2 Bd6 6. f4 Nbd7 7. Bd3 c6 8. O-O
O-O 9. Qf3 Ne4 10. h3 Qh4 11. Kh2 Ndf6 12. g3 Qh6 13. Rg1 g5 14. Qe2 g4 15. h4
Be7 16. Bxe4 Nxe4 17. Nxe4 dxe4 18. Kg2 Bd6 19. Nc4 Bc7 20. a4 Rd8 21. Bd2 Bd7
22. Bb4 Qf6 23. Ne5 a6 24. Qd2 Be8 25. Qc3 Rd5 26. Qa3 Bxe5 27. fxe5 Qf7 28.
Bd6 b5 29. b3 bxa4 30. c4 Rxd6 31. Qxd6 axb3 32. Qb4 Qc7 33. Qxb3 Rb8 34. Qa3
Ra8 35. Rgb1 Bd7 36. Qa5 Qc8 37. Rb6 Kf7 38. Rab1 Qd8 39. Kf2 Kg6 40. Ke2 Bc8
41. d5 cxd5 42. cxd5 Kf7 43. d6 Bd7 44. Qc5 Bb5+ 45. Ke1 Rc8 46. Rb7+ Kg6 47.
Rc7 Rxc7 48. dxc7 Qd3 49. Rxb5 axb5 50. c8=Q Qb1+ 51. Qc1 Qb4+ 52. Q8c3 Qa4 53.
Q1a3 b4 54. Qxa4 bxc3 55. Qe8+ Kg7 56. Qxe6 c2 57. Kd2 c1=Q+ 58. Kxc1 1-0

[Event "Ä15Ï"]
[Site "Loo"]
[Date "2017.04.26"]
[Round "7.29"]
[White "Ñàðãóçèíà, Ìàðòà."]
[Black "Íèêîíîðîâà, Ìåëàíèÿ."]
[Result "0-1"]
[WhiteElo "1462"]
[BlackElo "1321"]
[PlyCount "72"]
[EventDate "2017.04.20"]

1. d4 Nf6 2. Nf3 g6 3. e3 Bg7 4. Bd3 O-O 5. c4 d6 6. O-O Re8 7. Nc3 e5 8. Bc2
Nh5 9. b4 f5 10. a4 Kh8 11. b5 e4 12. Nd2 Nd7 13. Bb2 Qh4 14. g3 Qh3 15. Nd5
Rb8 16. Nxc7 Ndf6 17. Re1 Ng4 18. Nf1 Rf8 19. Ba3 Rd8 20. c5 d5 21. Bb3 Bh6 22.
Nxd5 Rf8 23. Bb2 g5 24. Ne7 Bg7 25. Qd2 f4 26. exf4 gxf4 27. gxf4 Nxf4 28. f3
exf3 29. Bd5 f2+ 30. Kh1 Nxd5 31. Ra3 fxe1=Q 32. Ng6+ Kg8 33. Ne7+ Qxe7 34.
Rxh3 Nf2+ 35. Kg2 Bxh3+ 36. Kg1 Bxf1 0-1

[Event "Ä15Ï"]
[Site "Loo"]
[Date "2017.04.26"]
[Round "7.30"]
[White "Èâàíîâà, Àíàñòàñèÿ."]
[Black "Êîíîíîâà, Àíàñòàñèÿ."]
[Result "1/2-1/2"]
[WhiteElo "1257"]
[BlackElo "1446"]
[PlyCount "83"]
[EventDate "2017.04.20"]

1. d4 d5 2. Nf3 Nf6 3. g3 c5 4. Bg2 Nc6 5. c3 e6 6. O-O Be7 7. Bg5 h6 8. Bxf6
Bxf6 9. e3 Qb6 10. Qc2 Bd7 11. Nbd2 Rc8 12. Qb3 Qxb3 13. Nxb3 Be7 14. Nxc5 Bxc5
15. dxc5 Na5 16. Rac1 Bb5 17. Rfd1 Nc4 18. b4 Nb2 19. Rd2 Nc4 20. Rd4 Rd8 21.
Bf1 a6 22. Bxc4 Bxc4 23. a3 f6 24. Rd2 Ra8 25. Nd4 Kd7 26. Nc2 Bb3 27. Ra1 Bxc2
28. Rxc2 Kc6 29. Kf1 a5 30. Ke2 axb4 31. cxb4 Ra4 32. Kd3 Rha8 33. Rca2 Kb5 34.
Kc3 Rc8 35. Kb3 Rca8 36. Rc1 Kc6 37. f3 Kd7 38. Rd1 Kc6 39. e4 g6 40. h3 h5 41.
Rdd2 R8a7 42. Rd1 1/2-1/2

[Event "Ä15Ï"]
[Site "Loo"]
[Date "2017.04.26"]
[Round "7.31"]
[White "Âîëêîäàâ, Îëüãà."]
[Black "Ìåðåìüÿíèíà, Êñåíèÿ."]
[Result "1-0"]
[WhiteElo "1607"]
[BlackElo "1322"]
[PlyCount "115"]
[EventDate "2017.04.20"]

1. d4 d5 2. Nf3 Nc6 3. Bf4 Bf5 4. Nc3 e6 5. e3 Bd6 6. Bg3 Nf6 7. Bb5 O-O 8. O-O
Bxg3 9. fxg3 Qd6 10. Bd3 Bg6 11. Re1 e5 12. Nb5 Qe7 13. Bxg6 hxg6 14. Nc3 Rfe8
15. Qd2 Qd7 16. Re2 Re7 17. Rae1 Rae8 18. Rd1 exd4 19. exd4 Rxe2 20. Nxe2 Ne4
21. Qe1 Qd6 22. Qf1 Na5 23. b3 Nc6 24. Nd2 Qb4 25. Nxe4 Rxe4 26. c3 Qb5 27. Nf4
Qxf1+ 28. Kxf1 Ne7 29. Kf2 g5 30. Nd3 Nf5 31. Nc5 Re3 32. Rc1 Kf8 33. g4 Re7
34. gxf5 c6 35. Re1 Rc7 36. g4 b6 37. Na6 Rc8 38. Rd1 Ke7 39. Nb4 Kd6 40. Nc2
Rh8 41. Kg3 c5 42. Ne3 Re8 43. Kf3 a6 44. dxc5+ Kxc5 45. Rxd5+ Kc6 46. Rd4 Rh8
47. Rd2 Kc5 48. Kg3 Kc6 49. Nc4 f6 50. Rd6+ Kc7 51. Rxb6 Ra8 52. Re6 Kd8 53.
Na5 Rc8 54. Rc6 Ra8 55. c4 Kd7 56. Re6 Kd8 57. Nb7+ Kc7 58. Nc5 1-0

[Event "Ä15Ï"]
[Site "Loo"]
[Date "2017.04.26"]
[Round "7.32"]
[White "Áàäðàêîâà, Êñåíèÿ."]
[Black "Åãîðîâà, Àíàñòàñèÿ."]
[Result "1/2-1/2"]
[WhiteElo "1422"]
[BlackElo "1308"]
[PlyCount "85"]
[EventDate "2017.04.20"]

1. e4 e5 2. Nc3 Nf6 3. f4 exf4 4. e5 Ng8 5. Nf3 d6 6. Qe2 Ne7 7. d4 g6 8. Bxf4
d5 9. Bg5 Nbc6 10. Bf6 Rg8 11. Qd2 Bf5 12. h3 h6 13. g4 Be6 14. Bh4 Qd7 15.
O-O-O O-O-O 16. Kb1 Kb8 17. Be2 a6 18. Rdf1 g5 19. Bf2 Ng6 20. Be3 Bg7 21. Ne1
Rdf8 22. Bd3 Bh8 23. Bf5 Nge7 24. Bxe6 Qxe6 25. Nf3 Ng6 26. a3 f6 27. exf6 Bxf6
28. Re1 Qd7 29. Rhf1 Rg7 30. Qd3 Rgg8 31. Qd2 Na7 32. Ne2 c6 33. Bg1 Qh7 34.
Bh2+ Ka8 35. Qd3 Rg7 36. Bg3 Rgf7 37. Bd6 Be7 38. Bg3 Nb5 39. Nc3 Nxc3+ 40.
Qxc3 Bf6 41. Qd3 Qg7 42. c3 Qh7 43. Ne5 1/2-1/2

[Event "Ä15Ï"]
[Site "Loo"]
[Date "2017.04.26"]
[Round "7.33"]
[White "Àñàòðÿí, Ìàðèÿ."]
[Black "Øàïîâàëîâà, Âèêòîðèÿ."]
[Result "0-1"]
[WhiteElo "1349"]
[BlackElo "1400"]
[PlyCount "138"]
[EventDate "2017.04.20"]

1. d4 d5 2. c4 e6 3. Nf3 Nf6 4. g3 dxc4 5. Nbd2 c5 6. Nxc4 Nc6 7. Be3 cxd4 8.
Nxd4 Bb4+ 9. Nd2 Nxd4 10. Bxd4 Qxd4 11. Qc2 Qxd2+ 12. Qxd2 Bxd2+ 13. Kxd2 O-O
14. Bg2 Rd8+ 15. Kc3 Nd5+ 16. Bxd5 Rxd5 17. Rad1 Bd7 18. e4 Rc8+ 19. Kb3 Rb5+
20. Ka3 Ra5+ 21. Kb4 Ra4+ 22. Kb3 Bc6 23. f3 e5 24. Rc1 Rd4 25. Rhf1 h6 26. a3
Ba4+ 27. Ka2 Rxc1 28. Rxc1 Rd3 29. Rc8+ Kh7 30. Rc7 Bb3+ 31. Kb1 Rxf3 32. Kc1
Rf1+ 33. Kd2 Rf2+ 34. Kc1 Rxh2 35. Rxb7 Bc2 36. Rxa7 Bxe4 37. b4 f5 38. b5 f4
39. gxf4 exf4 40. Ra4 f3 41. Rxe4 f2 42. Rf4 Rh1+ 43. Kb2 f1=Q 44. Rxf1 Rxf1
45. a4 g5 46. b6 Rf7 47. a5 Rb7 48. Kc3 g4 49. Kd4 g3 50. Kd5 g2 51. Kc6 Rxb6+
52. axb6 g1=Q 53. b7 Qg2+ 54. Kc7 Qg3+ 55. Kc8 h5 56. b8=Q Qxb8+ 57. Kxb8 h4
58. Kc7 h3 59. Kd6 h2 60. Ke5 h1=Q 61. Kd4 Qe1 62. Kd3 Kg6 63. Kd4 Kf5 64. Kd3
Ke5 65. Kc4 Qd2 66. Kb3 Kd4 67. Ka4 Qb2 68. Ka5 Kc5 69. Ka6 Qb6# 0-1

[Event "Ä15Ï"]
[Site "Loo"]
[Date "2017.04.26"]
[Round "7.35"]
[White "Óëàíîâñêàÿ, Âàëåðèÿ."]
[Black "Ìàëüöåâñêàÿ, Àííà."]
[Result "0-1"]
[WhiteElo "1250"]
[BlackElo "1358"]
[PlyCount "68"]
[EventDate "2017.04.20"]

1. c4 c5 2. Nf3 Nc6 3. d4 cxd4 4. Nxd4 Nxd4 5. Qxd4 Nf6 6. e4 d6 7. Nc3 e5 8.
Qd1 Be7 9. Be2 Qc7 10. O-O Be6 11. b3 Rd8 12. Be3 b6 13. Qc2 h6 14. Rfd1 O-O
15. h3 Rc8 16. Nb5 Qd7 17. f4 exf4 18. Bxf4 Qxb5 19. Qd3 Qc5+ 20. Kh1 Rfd8 21.
Re1 Nh5 22. Be3 Qe5 23. Bd4 Qg5 24. Qf3 Ng3+ 25. Kh2 Nxe2 26. Rxe2 Rf8 27. Qf2
f5 28. e5 dxe5 29. Rxe5 Bd6 30. Rae1 Bxe5+ 31. Rxe5 Rce8 32. Re3 f4 33. Re5 Rf5
34. h4 Qh5 0-1

[Event "Ä15Ï"]
[Site "Loo"]
[Date "2017.04.26"]
[Round "7.36"]
[White "Ëàçóðåíêî, Êñåíèÿ."]
[Black "Áåëîâà, Êñåíèÿ."]
[Result "1/2-1/2"]
[WhiteElo "1343"]
[BlackElo "1352"]
[PlyCount "80"]
[EventDate "2017.04.20"]

1. d4 Nf6 2. c4 g6 3. Nf3 Bg7 4. Bf4 d6 5. Nc3 O-O 6. e3 Nh5 7. Bg3 Nxg3 8.
hxg3 Nd7 9. Bd3 Nf6 10. Qc2 Bd7 11. Ng5 h6 12. Nge4 Nxe4 13. Bxe4 Rb8 14. Ne2
f5 15. Bd3 g5 16. g4 fxg4 17. Ng3 e6 18. Nh5 Qe7 19. Bh7+ Kh8 20. f4 gxf3 21.
g3 Be8 22. Kf2 Bxh5 23. Rxh5 Qf6 24. Rah1 Qe7 25. Rxh6 Bxh6 26. Rxh6 Rf7 27.
Bg6+ Kg8 28. Bxf7+ Qxf7 29. Rg6+ Kf8 30. Rxg5 Ke7 31. Qe4 Rh8 32. Kf1 Rh1+ 33.
Kf2 Rh2+ 34. Kf1 Rxb2 35. Qh4 Kd7 36. Qg4 Rb1+ 37. Kf2 Rb2+ 38. Kf1 Rb1+ 39.
Kf2 Rb2+ 40. Kf1 Rb1+ 1/2-1/2

[Event "Ä15Ï"]
[Site "Loo"]
[Date "2017.04.26"]
[Round "7.38"]
[White "Øàäðóõèíà, Ñâåòëàíà."]
[Black "Äæàêèÿåâà, Ìàäèíà."]
[Result "0-1"]
[WhiteElo "1368"]
[BlackElo "1408"]
[PlyCount "104"]
[EventDate "2017.04.20"]

1. e4 e5 2. Nc3 Nf6 3. Bc4 Bc5 4. d3 h6 5. h3 d6 6. Na4 Nbd7 7. Nxc5 Nxc5 8.
Ne2 Be6 9. Bxe6 fxe6 10. O-O Qd7 11. Be3 Qc6 12. Qd2 d5 13. exd5 exd5 14. f4 d4
15. Bf2 exf4 16. Qxf4 Ne6 17. Qe5 O-O 18. Nxd4 Nxd4 19. Qxd4 Qxc2 20. Rac1 Qd2
21. Rxc7 b6 22. Qc4+ Kh8 23. Qc3 Qg5 24. Qc1 Qg6 25. Qd2 Rfd8 26. d4 Nd5 27.
Rcc1 Rd7 28. Rfd1 Rf8 29. Rf1 Rdf7 30. a3 Nf4 31. g3 Nxh3+ 32. Kg2 Rxf2+ 33.
Rxf2 Rxf2+ 34. Qxf2 Nxf2 35. Kxf2 Qe4 36. Rc8+ Kh7 37. Rd8 h5 38. d5 Qe7 39.
Rc8 Qd6 40. Ra8 b5 41. Ke2 Qxd5 42. Rxa7 Qe5+ 43. Kf3 Qxb2 44. Ra6 Qd4 45. Kg2
g6 46. Kf3 Qd3+ 47. Kg2 Kh6 48. Ra7 Kg5 49. Kh2 Kg4 50. Kh1 Kxg3 51. Rf7 Qd1+
52. Rf1 Qxf1# 0-1

[Event "Ä15Â"]
[Site "Loo"]
[Date "2017.04.26"]
[Round "7.1"]
[White "Âûðòîñó, Íàòàëüÿ."]
[Black "Áóëàòîâà, Êàìàëèÿ."]
[Result "1/2-1/2"]
[WhiteElo "1871"]
[BlackElo "1957"]
[PlyCount "68"]
[EventDate "2017.04.20"]

1. Nf3 Nf6 2. g3 d5 3. d4 g6 4. b3 Bg7 5. Bb2 O-O 6. Bg2 Bf5 7. O-O c6 8. c4
Qc8 9. Re1 Bh3 10. Bh1 Ne4 11. Nc3 Bh6 12. cxd5 cxd5 13. Nxd5 Qe6 14. Bc1 Bxc1
15. Nc7 Be3 16. fxe3 Qg4 17. Ne5 Qg5 18. Bxe4 Qxe3+ 19. Kh1 Qxe4+ 20. Nf3 Nd7
21. Nxa8 Nf6 22. Qd3 Qg4 23. Ng1 Re8 24. Nxh3 Qxh3 25. e3 h5 26. Qf1 Qe6 27.
Qf3 Ne4 28. Rac1 Rd8 29. Rc2 Rd5 30. Qg2 Rg5 31. Qf3 Rf5 32. Qg2 Rg5 33. Qf3
Rf5 34. Qg2 Rg5 1/2-1/2

[Event "Ä15Â"]
[Site "Loo"]
[Date "2017.04.26"]
[Round "7.2"]
[White "Ñîëîæåíêèíà, Åëèçàâåòà."]
[Black "Âîñêðåñåíñêàÿ, Ìàðòà."]
[Result "1-0"]
[WhiteElo "2234"]
[BlackElo "2009"]
[PlyCount "63"]
[EventDate "2017.04.20"]

1. e4 c5 2. Nf3 Nc6 3. Bb5 g6 4. Bxc6 bxc6 5. O-O Bg7 6. Re1 Nh6 7. c3 O-O 8.
d4 cxd4 9. cxd4 d5 10. e5 f6 11. h3 fxe5 12. dxe5 c5 13. Nc3 e6 14. Bg5 Qd7 15.
Rc1 Nf7 16. Bf4 c4 17. Qd2 a6 18. h4 Qe7 19. Ne2 Rb8 20. Ned4 Bd7 21. b3 cxb3
22. axb3 Rfc8 23. Qa5 Ra8 24. Rxc8+ Bxc8 25. Rc1 Bf8 26. Nc6 Qa3 27. Qb6 Qa2
28. Nb8 Bd7 29. Nxd7 a5 30. Qb7 Rd8 31. Nf6+ Kg7 32. Ng5 1-0

[Event "Ä15Â"]
[Site "Loo"]
[Date "2017.04.26"]
[Round "7.3"]
[White "Âèíîêóð, Þëèÿ."]
[Black "Àôàíàñüåâà, Àëåêñàíäðà."]
[Result "1-0"]
[WhiteElo "2233"]
[BlackElo "1950"]
[PlyCount "89"]
[EventDate "2017.04.20"]

1. Nf3 c5 2. b3 Nc6 3. Bb2 Nf6 4. g3 g6 5. Bg2 Bg7 6. O-O O-O 7. c4 d6 8. d4
cxd4 9. Nxd4 Bd7 10. Nc2 Be6 11. e4 a5 12. Nc3 Nd7 13. Ne3 Nc5 14. Qd2 Nb4 15.
Ncd5 Bxb2 16. Qxb2 Nxd5 17. Nxd5 Bd7 18. Rad1 f6 19. f4 b5 20. e5 fxe5 21. fxe5
Rxf1+ 22. Rxf1 Nd3 23. Qd4 Nxe5 24. Nxe7+ Qxe7 25. Bxa8 bxc4 26. bxc4 Be6 27.
c5 Nf7 28. cxd6 Nxd6 29. Re1 Nb5 30. Qb6 Nc7 31. Bg2 a4 32. Bh3 Kf7 33. Qf2+
Kg8 34. Qe3 Kf7 35. Qf4+ Kg8 36. Qe5 Kf7 37. Rf1+ Ke8 38. Qh8+ Kd7 39. Rd1+ Kc6
40. Rc1+ Kd7 41. Qd4+ Ke8 42. Rxc7 Qxc7 43. Bxe6 Qc1+ 44. Kg2 Qc2+ 45. Kh3 1-0

[Event "Ä15Â"]
[Site "Loo"]
[Date "2017.04.26"]
[Round "7.4"]
[White "Ïîïîâà, Èðèíà."]
[Black "Ìèðîøíèê, Åêàòåðèíà."]
[Result "1/2-1/2"]
[WhiteElo "1938"]
[BlackElo "2116"]
[PlyCount "135"]
[EventDate "2017.04.20"]

1. d4 Nf6 2. c4 e6 3. Nc3 Bb4 4. Qc2 d5 5. cxd5 exd5 6. Nf3 O-O 7. Bg5 c6 8. e3
h6 9. Bh4 Nbd7 10. Bd3 Re8 11. O-O Be7 12. Rab1 Nh5 13. Bxe7 Qxe7 14. b4 a6 15.
a4 Ndf6 16. b5 axb5 17. axb5 Bd7 18. bxc6 bxc6 19. Na4 Qd6 20. Ne5 Ra7 21. Nc5
Bc8 22. Rb6 Rc7 23. Na6 Bxa6 24. Rxa6 g6 25. Rxc6 Rxc6 26. Qxc6 Qxc6 27. Nxc6
Kf8 28. Rb1 Rc8 29. Ne5 Rc7 30. f3 Ke7 31. Rb5 Ng7 32. Kf2 Ne6 33. Ke2 h5 34.
Kd2 Kd6 35. Bc2 Nd8 36. Rb6+ Ke7 37. g3 Ra7 38. e4 dxe4 39. fxe4 Ra2 40. Kc3
Ra3+ 41. Kb2 Re3 42. Nc4 Re2 43. d5 Nxe4 44. d6+ Nxd6 45. Nxd6 Rxh2 46. Ne4 Ne6
47. Rb7+ Kf8 48. Nd6 Rf2 49. Kc3 Rf3+ 50. Kc4 Rxg3 51. Rxf7+ Kg8 52. Kd5 Nf8
53. Be4 Rg5+ 54. Kc4 Rg4 55. Kd4 Ne6+ 56. Ke5 Rxe4+ 57. Nxe4 Kxf7 58. Nd6+ Ke7
59. Nc8+ Kd8 60. Nb6 h4 61. Ke4 Ke7 62. Kf3 g5 63. Nc4 Kf6 64. Kg4 Nf4 65. Nd2
h3 66. Nf3 Kg6 67. Nh2 Kf6 68. Nf3 1/2-1/2

[Event "Ä15Â"]
[Site "Loo"]
[Date "2017.04.26"]
[Round "7.5"]
[White "Ãàðèôóëëèíà, Ëåÿ."]
[Black "Êóòÿíèíà, Ìàðèÿ."]
[Result "0-1"]
[WhiteElo "2015"]
[BlackElo "1922"]
[PlyCount "84"]
[EventDate "2017.04.20"]

1. e4 c5 2. Nf3 e6 3. d4 cxd4 4. Nxd4 a6 5. Bd3 Nf6 6. O-O e5 7. Nb3 d6 8. c4
Be7 9. Nc3 O-O 10. Qe2 Be6 11. Nd5 Bxd5 12. cxd5 Nbd7 13. Be3 h6 14. Rfc1 Nh7
15. Rc2 Ng5 16. Rac1 f5 17. f3 fxe4 18. fxe4 Nh7 19. Qg4 Kh8 20. Qh3 Bg5 21.
Bxg5 Nxg5 22. Qe3 Nf6 23. h3 Nh5 24. Nd2 Nf4 25. Bf1 Qf6 26. a4 Qg6 27. Kh2 Nh5
28. g3 Nf3+ 29. Nxf3 Qxg3+ 30. Kh1 Rxf3 31. Qg1 Qf4 32. Qg2 Ng3+ 33. Kg1 Rf8
34. Bc4 Qe3+ 35. Kh2 Rf2 36. Rxf2 Rxf2 37. Rc3 Rxg2+ 38. Kxg2 Qe1 39. Rf3 Kg8
40. Bd3 Nxe4 41. h4 Qxh4 42. Bc2 Qg4+ 0-1

[Event "Ä15Â"]
[Site "Loo"]
[Date "2017.04.26"]
[Round "7.6"]
[White "Ëåâè÷åâà, Åêàòåðèíà."]
[Black "Ãåòüìàí, Òàòüÿíà."]
[Result "0-1"]
[WhiteElo "1884"]
[BlackElo "1972"]
[PlyCount "72"]
[EventDate "2017.04.20"]

1. e4 e6 2. d4 d5 3. Nc3 Nf6 4. e5 Nfd7 5. f4 c5 6. Nf3 Nc6 7. Be3 cxd4 8. Nxd4
Bc5 9. Qd2 Nxd4 10. Bxd4 O-O 11. O-O-O a6 12. g4 b5 13. Kb1 Bb7 14. Rg1 Rc8 15.
Rg3 f6 16. Rh3 fxe5 17. fxe5 Bxd4 18. Qxd4 Qg5 19. Rh5 Qf4 20. Ne2 Qxd4 21.
Nxd4 g6 22. Rg5 Nc5 23. Bd3 Nxd3 24. cxd3 Rce8 25. h4 Kg7 26. Nf5+ exf5 27.
gxf5 Rxf5 28. Rxf5 gxf5 29. d4 Bc8 30. Kc2 Be6 31. Kb3 Kh6 32. Kb4 Rc8 33. Ka5
Rc6 34. b4 Kh5 35. a4 bxa4 36. Kxa4 f4 0-1

[Event "Ä15Â"]
[Site "Loo"]
[Date "2017.04.26"]
[Round "7.7"]
[White "Çàéöåâà, Ëþäìèëà."]
[Black "Ïîãîðåëüñêèõ, Ñîôüÿ."]
[Result "1-0"]
[WhiteElo "1953"]
[BlackElo "1880"]
[PlyCount "55"]
[EventDate "2017.04.20"]

1. d4 Nf6 2. c4 g6 3. Nc3 Bg7 4. e4 d6 5. f4 O-O 6. Nf3 c5 7. d5 e6 8. dxe6
Bxe6 9. Bd3 Nc6 10. f5 Bd7 11. O-O Ne5 12. Nxe5 dxe5 13. Bg5 Bc6 14. Qe2 Qe7
15. Rad1 Rad8 16. h4 h6 17. Be3 gxf5 18. Rxf5 Bd7 19. Qf2 Ng4 20. Nd5 Qd6 21.
Qg3 Bxf5 22. exf5 h5 23. Be2 Bh6 24. Bxg4 hxg4 25. f6 Bxe3+ 26. Qxe3 Kh7 27.
Qg5 Rg8 28. Qh5# 1-0

[Event "Ä15Â"]
[Site "Loo"]
[Date "2017.04.26"]
[Round "7.8"]
[White "Øåñòàêîâà, Åêàòåðèíà."]
[Black "Þðàñîâà, Äàðüÿ."]
[Result "0-1"]
[WhiteElo "1840"]
[BlackElo "1907"]
[PlyCount "52"]
[EventDate "2017.04.20"]

1. e4 e5 2. Nf3 Nc6 3. d4 exd4 4. Nxd4 Bc5 5. Nb3 Bb6 6. Nc3 Nf6 7. Qe2 a5 8.
e5 O-O 9. exf6 a4 10. Nd5 Re8 11. Be3 axb3 12. Qg4 g6 13. cxb3 Bxe3 14. fxe3
Re5 15. Qc4 Ra5 16. O-O-O d6 17. b4 Raxd5 18. Rxd5 Be6 19. e4 Qxf6 20. Qc3 Bxd5
21. exd5 Qf4+ 22. Kb1 Nxb4 23. Bc4 Qe4+ 24. Kc1 Nxd5 25. Bxd5 Qxd5 26. Qxc7
Qxg2 0-1

[Event "Ä15Â"]
[Site "Loo"]
[Date "2017.04.26"]
[Round "7.9"]
[White "Ëîñêóòîâà, Âèêòîðèÿ."]
[Black "Êîêóåâà, Àëèñà."]
[Result "1/2-1/2"]
[WhiteElo "1981"]
[BlackElo "1552"]
[PlyCount "99"]
[EventDate "2017.04.20"]

1. e4 e5 2. Nc3 Nf6 3. g3 Bc5 4. Bg2 O-O 5. d3 c6 6. Nge2 d5 7. exd5 cxd5 8.
O-O h6 9. Na4 Be7 10. d4 e4 11. Nac3 Nc6 12. f3 exf3 13. Bxf3 Bh3 14. Bg2 Bxg2
15. Kxg2 Re8 16. Nf4 Bb4 17. Nce2 Qe7 18. c3 Qe4+ 19. Kg1 Bd6 20. Rf2 Ng4 21.
Rg2 Ne7 22. h3 Ne3 23. Bxe3 Qxe3+ 24. Kh2 Nf5 25. Qb3 Nh4 26. gxh4 Bxf4+ 27.
Ng3 Bxg3+ 28. Rxg3 Qf2+ 29. Rg2 Qf4+ 30. Kg1 Qxh4 31. Qxd5 Qxh3 32. Qxb7 Qe3+
33. Kh1 Rad8 34. Rag1 Qh3+ 35. Rh2 Qe3 36. Qg2 g6 37. Rh3 Qf4 38. Rf1 Qd6 39.
Rhf3 Re7 40. Rf6 Qd7 41. Qf3 Rde8 42. Qg2 Re2 43. R6f2 Rxf2 44. Rxf2 Re1+ 45.
Rf1 Rxf1+ 46. Qxf1 Qd5+ 47. Kg1 Qxa2 48. Qe2 Qb1+ 49. Kg2 Qf5 50. Kh2 1/2-1/2